000 00840nam a2200241 c 4500
005 20210216092311.0
008 120830s2020 fr a|||gr|||| 00| 0 fre d
020 _a9782738151711
040 _aCO-BoUCM
_bspa
_cDeissy Garcia
_dDeissy Garcia
041 _afre
100 1 _aHaroche, Serge
_9102128
245 1 3 _aLa lumière révélée
_bde la lunette de Galilée à l'étrangeté quantique
260 _aParís
_bOdile Jacob
_c2020
300 _a507 páginas
_bilustraciones
490 0 _a Sciences (Éditions Odile Jacob)
504 _aIncluye referencias bibliográficas
650 _aFísica
_xHistoria
_9102357
650 _aÓptica cuántica
_9102358
650 7 _915910
_aFísica cuántica
650 _aOndas electrómagnéticas
_920746
942 _cLIBRO
_2DEWEY
_a25
_e1
_h539
_mH292l
_n0
999 _c318465
_d318465